header

Survey research (Record no. 61713)

MARC details
000 -LEADER
fixed length control field 01516nam a2200361Ia 4500
082 04 - DEWEY DECIMAL CLASSIFICATION NUMBER
Classification number 001.4/33
100 1# - MAIN ENTRY--AUTHOR NAME
Personal name Punch, Keith.
245 10 - TITLE STATEMENT
Title Survey research
260 ## - PUBLICATION, DISTRIBUTION, ETC. (IMPRINT)
Place of publication London ;
-- Thousand Oaks, CA :
Name of publisher Sage Publications,
Year of publication 2003.
300 ## - PHYSICAL DESCRIPTION
Number of Pages vi, 123 p. :
Other physical details ill.
490 0# - SERIES STATEMENT
Series statement Essential resources for social research
500 ## - GENERAL NOTE
General note "Designed to be used as an independent guide or as a workbook to accompany [his] ... textbook, An introduction to social research"-- Ser. t.p.
650 #0 - SUBJECT ADDED ENTRY--TOPICAL TERM
Topical Term Social sciences
Topical Term Social surveys
700 1# - ADDED ENTRY--PERSONAL NAME
Personal name Punch, Keith.
856 40 - ELECTRONIC LOCATION AND ACCESS
Uniform Resource Identifier http://site.ebrary.com/lib/rucke/Doc?id=10668460

No items available.

© 2026 Rongo University
Contact us: librarian | system librarian | Rongo university